Statistics for X-Men Mutants

Click here to take the quiz!

General Stats

  • This quiz has been taken 2,307 times
    (1,635 since last reset)
  • The average score is 25 of 46

Answer Stats

ActorMutant% Correct
Hugh JackmanWolverine
100%
Patrick Stewart/James McAvoyProfessor X
98%
Ian McKellen/Michael FassbenderMagneto
97%
Halle BerryStorm
96%
James MarsdenCyclops
94%
Famke JanssenJean Grey
92%
Rebecca Romijin/Jennifer LawrenceMystique
92%
Anna PaquinRogue
90%
Kelsey Grammer/Nicholas HoultBeast
87%
Shawn AshmoreIceman
85%
Ellen PageShadowcat
78%
Alan CummingNightcrawler
76%
Ryan ReynoldsDeadpool
75%
Ben FosterArchangel
72%
Zoe KravitzAngel Salvadore
71%
Tyler Mane/Liev SchreiberSabretooth
70%
Ray ParkToad
68%
Aaron StanfordPyro
67%
Daniel CudmoreColossus
66%
Vinnie JonesJuggernaut
65%
January JonesEmma Frost
63%
Taylor KitschGambit
60%
Lucas TillHavok
60%
Evan PetersQuicksilver
59%
Caleb Landry JonesBanshee
53%
Kevin BaconSebastian Shaw
50%
Kevin DurandBlob
49%
Kea WongJubilee
44%
Edi GathegiDarwin
43%
Omar SyBishop
42%
Jason FlemyngAzazel
41%
Kelly HuLady Deathstrike
41%
Mei MelanconPsylocke
35%
Eric DaneMultiple Man
31%
Cameron BrightLeech
25%
Lance GibsonSpike
23%
Lynn CollinsKayla Silverfox
22%
will.i.amKestrel
22%
Dania RamirezCallisto
21%
Svetlana KhodchenkovaViper
21%
Daniel HenneyAgent Zero
20%
Alex GonzalezRiptide
18%
OmahyraArclight
17%
Ken LeungQuill
17%
Rila FukushimaYukio
16%
Dominic MonaghanBolt
15%

Score Distribution

Percentile by Number Answered

Percent of People with Each Score

Your Score History

You have not taken this quiz since the last reset